[Event "Titled Tuesday intern op 12th Mar Late"]
[Site "Chess.com INT"]
[Date "2024.03.12"]
[Round "6"]
[White "Avalos Parra, Joao"]
[Black "Caballero, William"]
[Result "1-0"]
[WhiteElo "2148"]
[BlackElo "2098"]
[PlyCount "85"]
[EventDate "2024.03.12"]
[EventType "swiss (blitz)"]
[EventRounds "11"]
[EventCountry "USA"]
[SourceTitle "CB12_2024"]
[SourceDate "2023.10.01"]
[SourceVersion "1"]
[SourceVersionDate "2023.10.01"]
[SourceQuality "1"]

1. d4 Nf6 2. c4 g6 3. Nf3 Bg7 4. Nc3 0-0 5. Bg5 d6 6. e3 Nbd7 7. Qc2 c6 8. h3 Qc7 9. Rd1 e5 10. Be2 Re8 11. 0-0 Nf8 12. Bh4 Bf5 13. Qb3 Ne6 14. Bg3 Ne4 15. Nxe4 Bxe4 16. Nd2 Bf5 17. d5 Nc5 18. Qa3 a5 19. Nb3 Bc2 20. Rc1 Bxb3 21. axb3 f5 22. b4 axb4 23. Qxb4 Ra4 24. Qd2 Nb3 25. Qc2 Nxc1 26. Rxc1 Rea8 27. Qb3 Qf7 28. Bf1 f4 29. exf4 exf4 30. Bh2 Bd4 31. Qf3 g5 32. dxc6 bxc6 33. Qxc6 Ra2 34. c5 d5 35. h4 Rxb2 36. Qxa8+ Kg7 37. Qd8 Rxf2 38. Kh1 gxh4 39. Qg5+ Kh8 40. c6 Be3 41. c7 Rxf1+ 42. Rxf1 Qxc7 43. Bxf4 1-0

[Event "Titled Tuesday intern op 12th Mar Early"]
[Site "Chess.com INT"]
[Date "2024.03.12"]
[Round "2"]
[White "Caballero, William"]
[Black "Johnson, Frank B"]
[Result "0-1"]
[WhiteElo "2098"]
[BlackElo "2193"]
[PlyCount "82"]
[EventDate "2024.03.12"]
[EventType "swiss (blitz)"]
[EventRounds "11"]
[EventCountry "USA"]
[SourceTitle "CB12_2024"]
[SourceDate "2023.10.01"]
[SourceVersion "1"]
[SourceVersionDate "2023.10.01"]
[SourceQuality "1"]

1. Nf3 Nf6 2. g3 g6 3. Bg2 Bg7 4. 0-0 0-0 5. b3 d5 6. Bb2 c5 7. d3 Nc6 8. Nbd2 Re8 9. e4 e5 10. Re1 d4 11. a4 b6 12. Nc4 Qc7 13. Bc1 h6 14. h3 Kh7 15. Kh2 Be6 16. Nh4 Nd7 17. f4 exf4 18. Bxf4 Nde5 19. Nxe5 Bxe5 20. Qd2 g5 21. Bxe5 Nxe5 22. Nf3 Rg8 23. Nxe5 Qxe5 24. Rf1 h5 25. Rf3 Rg6 26. Kg1 Rag8 27. Raf1 R8g7 28. Qf2 g4 29. hxg4 hxg4 30. Rf4 Rh6 31. Re1 Qh5 32. Kf1 Qe5 33. Ke2 Kg8 34. Rh1 Rgh7 35. Rxh6 Rxh6 36. Bf1 a6 37. Kd2 b5 38. axb5 axb5 39. Be2 c4 40. Bxg4 cxb3 41. Bxe6 Qxe6 0-1

[Event "Titled Tuesday intern op 12th Mar Early"]
[Site "Chess.com INT"]
[Date "2024.03.12"]
[Round "8"]
[White "Caballero, William"]
[Black "Kostiukov, Alexandr"]
[Result "0-1"]
[WhiteElo "2098"]
[BlackElo "2271"]
[PlyCount "92"]
[EventDate "2024.03.12"]
[EventType "swiss (blitz)"]
[EventRounds "11"]
[EventCountry "USA"]
[SourceTitle "CB12_2024"]
[SourceDate "2023.10.01"]
[SourceVersion "1"]
[SourceVersionDate "2023.10.01"]
[SourceQuality "1"]

1. Nf3 Nf6 2. g3 g6 3. Bg2 Bg7 4. 0-0 0-0 5. d3 c5 6. Nc3 d5 7. e4 Nc6 8. exd5 Nxd5 9. Nxd5 Qxd5 10. Nd2 Qd7 11. Nc4 b6 12. Re1 Bb7 13. Qe2 Rfe8 14. c3 Rad8 15. Rd1 h6 16. Be3 Kh7 17. Rd2 e5 18. Rad1 Qc7 19. a4 Ne7 20. Bxb7 Qxb7 21. Qf1 Nf5 22. Qg2 Qd7 23. Qe4 Qxa4 24. Nd6 Qxe4 25. dxe4 Nxd6 26. Rxd6 Bf6 27. Rd7 Kg7 28. Kf1 Rxd7 29. Rxd7 Re7 30. Rd6 Rc7 31. c4 Be7 32. Rd5 f6 33. f4 exf4 34. gxf4 Kf7 35. b3 Ke6 36. f5+ Kf7 37. Bf4 Rb7 38. Kg2 g5 39. Bg3 Ke8 40. h4 Rd7 41. h5 Rxd5 42. exd5 Kd7 43. Bb8 Bd6 44. Bxa7 Kc7 45. b4 cxb4 46. c5 Bxc5 0-1

[Event "Titled Tuesday intern op 12th Mar Late"]
[Site "Chess.com INT"]
[Date "2024.03.12"]
[Round "2"]
[White "Caballero, William"]
[Black "Lacey, Patrick"]
[Result "0-1"]
[WhiteElo "2098"]
[BlackElo "2184"]
[PlyCount "60"]
[EventDate "2024.03.12"]
[EventType "swiss (blitz)"]
[EventRounds "11"]
[EventCountry "USA"]
[SourceTitle "CB12_2024"]
[SourceDate "2023.10.01"]
[SourceVersion "1"]
[SourceVersionDate "2023.10.01"]
[SourceQuality "1"]

1. d4 d5 2. Nf3 Nc6 3. e3 Nf6 4. Nbd2 Bg4 5. Be2 e6 6. b3 Bb4 7. Bb2 Ne4 8. 0-0 Nc3 9. Qe1 Nxe2+ 10. Qxe2 0-0 11. c3 Bd6 12. h3 Bh5 13. Rac1 Re8 14. c4 a6 15. g4 Bg6 16. Ne5 Bxe5 17. dxe5 Nb4 18. Qf3 Nxa2 19. Ra1 Nb4 20. Bd4 Nc2 21. Rac1 Nxd4 22. exd4 c6 23. Qg3 dxc4 24. Rxc4 Qd5 25. Qc3 Red8 26. f4 Rac8 27. Nf3 Be4 28. Rc5 Qd7 29. Rd1 b6 30. Rc4 c5 0-1

[Event "Titled Tuesday intern op 12th Mar Early"]
[Site "Chess.com INT"]
[Date "2024.03.12"]
[Round "4"]
[White "Caballero, William"]
[Black "Liu, Casper Yukun"]
[Result "0-1"]
[WhiteElo "2098"]
[BlackElo "2283"]
[PlyCount "44"]
[EventDate "2024.03.12"]
[EventType "swiss (blitz)"]
[EventRounds "11"]
[EventCountry "USA"]
[SourceTitle "CB12_2024"]
[SourceDate "2023.10.01"]
[SourceVersion "1"]
[SourceVersionDate "2023.10.01"]
[SourceQuality "1"]

1. d4 d5 2. Nf3 Nf6 3. g3 Bg4 4. Bg2 e6 5. h3 Bh5 6. 0-0 Be7 7. Nbd2 0-0 8. c4 c6 9. b3 Nbd7 10. Bb2 a5 11. a3 Bd6 12. g4 Bg6 13. Rc1 Ne4 14. Nxe4 dxe4 15. Ne1 f5 16. e3 Qh4 17. f4 exf3 18. Nxf3 Qg3 19. Qe1 fxg4 20. Qxg3 Bxg3 21. hxg4 Bd3 22. Rfd1 Be2 0-1

[Event "Titled Tuesday intern op 12th Mar Early"]
[Site "Chess.com INT"]
[Date "2024.03.12"]
[Round "1"]
[White "Caballero, William"]
[Black "Sadykov, Ramil"]
[Result "0-1"]
[WhiteElo "2098"]
[BlackElo "2313"]
[PlyCount "102"]
[EventDate "2024.03.12"]
[EventType "swiss (blitz)"]
[EventRounds "11"]
[EventCountry "USA"]
[SourceTitle "CB12_2024"]
[SourceDate "2023.10.01"]
[SourceVersion "1"]
[SourceVersionDate "2023.10.01"]
[SourceQuality "1"]

1. Nf3 d6 2. d4 Nf6 3. g3 c6 4. Bg2 Qc7 5. a4 a5 6. 0-0 Nbd7 7. c3 g6 8. Re1 Bg7 9. e4 e5 10. dxe5 dxe5 11. Nbd2 Nb6 12. Bf1 Be6 13. Qc2 h6 14. b3 0-0 15. Be2 Rfd8 16. Nf1 Kh7 17. Be3 Bf8 18. N3d2 Nfd7 19. Rad1 Bc5 20. Bxc5 Nxc5 21. Ne3 Kg7 22. Ndc4 Nxc4 23. Bxc4 Qe7 24. Bxe6 Qxe6 25. Nc4 b5 26. axb5 cxb5 27. Rxd8 Rxd8 28. Nxa5 Rc8 29. b4 Na4 30. c4 Qb6 31. Rd1 Rc7 32. Rd5 f6 33. Qd1 Qe6 34. c5 Nc3 35. Qd3 Nxd5 36. exd5 Qg4 37. d6 Rf7 38. Nc6 e4 39. Qe3 Qd1+ 40. Kg2 Qd5 41. Nd4 f5 42. Ne2 Kh7 43. Qd4 Qc6 44. Nf4 g5 45. Nh5 e3+ 46. f3 e2 47. Qe3 g4 48. Qxe2 Ra7 49. Nf6+ Kg6 50. Ne8 gxf3+ 51. Qxf3 Ra2+ 0-1

[Event "Titled Tuesday intern op 12th Mar Late"]
[Site "Chess.com INT"]
[Date "2024.03.12"]
[Round "4"]
[White "Myers, Dominique"]
[Black "Caballero, William"]
[Result "0-1"]
[WhiteElo "2022"]
[BlackElo "2098"]
[PlyCount "38"]
[EventDate "2024.03.12"]
[EventType "swiss (blitz)"]
[EventRounds "11"]
[EventCountry "USA"]
[SourceTitle "CB12_2024"]
[SourceDate "2023.10.01"]
[SourceVersion "1"]
[SourceVersionDate "2023.10.01"]
[SourceQuality "1"]

1. e4 e5 2. Nf3 Nc6 3. d4 exd4 4. Bc4 Nf6 5. 0-0 Nxe4 6. Re1 d5 7. Bxd5 Qxd5 8. Nc3 Qh5 9. Nxe4 Be6 10. Neg5 0-0-0 11. Nxe6 fxe6 12. Rxe6 Bd6 13. Bg5 Rdf8 14. h3 Rxf3 15. Qxf3 Qxg5 16. Rae1 Qf4 17. Qd5 Qh2+ 18. Kf1 Nd8 19. Re8 Qh1+ 0-1

[Event "Barranquilla Carnaval Cup"]
[Site "Barranquilla"]
[Date "2024.02.07"]
[Round "8"]
[White "Caballero, William"]
[Black "Ruiz Jaraba, Valentina Sofia"]
[Result "1-0"]
[WhiteElo "2087"]
[BlackElo "1811"]
[PlyCount "73"]
[EventDate "2024.02.03"]
[EventType "swiss"]
[EventRounds "9"]
[EventCountry "COL"]
[SourceTitle "CB07_2024"]
[SourceDate "2024.02.14"]
[SourceVersion "1"]
[SourceVersionDate "2024.02.14"]
[SourceQuality "1"]

1. e4 c5 2. Nf3 a6 3. c4 Nc6 4. d4 cxd4 5. Nxd4 e5 6. Nf5 d5 7. cxd5 Bxf5 8. exf5 Nd4 9. Nc3 Nf6 10. Bd3 Be7 11. 0-0 0-0 12. f4 e4 13. Bb1 Nxf5 14. g4 Bc5+ 15. Kh1 Nd6 16. g5 Nd7 17. Nxe4 Nxe4 18. Bxe4 Re8 19. Qd3 g6 20. Bd2 Bb6 21. b4 Rc8 22. Rac1 Rxc1 23. Rxc1 Qe7 24. Bf3 Qd6 25. Rc4 f5 26. Qc3 Qe7 27. Rc8 Rxc8 28. Qxc8+ Nf8 29. Qc4 Qd6 30. Kg2 h6 31. h4 Kh7 32. Qc3 Ba7 33. gxh6 Kxh6 34. Qh8+ Nh7 35. Bc3 Qd7 36. Bf6 g5 37. hxg5+ 1-0

[Event "Barranquilla Carnaval Cup"]
[Site "Barranquilla"]
[Date "2024.02.04"]
[Round "3"]
[White "Borre Meza, Orlando David"]
[Black "Caballero, William"]
[Result "0-1"]
[WhiteElo "1838"]
[BlackElo "2087"]
[PlyCount "72"]
[EventDate "2024.02.03"]
[EventType "swiss"]
[EventRounds "9"]
[EventCountry "COL"]
[SourceTitle "CB07_2024"]
[SourceDate "2024.02.14"]
[SourceVersion "1"]
[SourceVersionDate "2024.02.14"]
[SourceQuality "1"]

1. d4 Nf6 2. Nf3 c5 3. d5 b5 4. c4 g6 5. cxb5 a6 6. bxa6 Bg7 7. Nc3 Bxa6 8. e4 Bxf1 9. Kxf1 d6 10. g3 Nbd7 11. Kg2 0-0 12. Nd2 Ra6 13. Nc4 Qa8 14. Qe2 Rb8 15. Rd1 Nb6 16. a3 Nfd7 17. Ra2 Na4 18. Nxa4 Rxa4 19. Qc2 Rab4 20. Rd3 Rxc4 21. Qxc4 Ne5 22. Qc2 Nxd3 23. Qxd3 Qa4 24. Kh1 Rb3 25. Qc2 Bd4 26. h3 Bxf2 27. Qxf2 Qxe4+ 28. Kh2 Qb1 29. Qf4 Qxa2 30. Qa4 Kg7 31. Qh4 Rxb2+ 32. Bxb2+ Qxb2+ 33. Kg1 Qxa3 34. Qxe7 Qxg3+ 35. Kf1 Qxh3+ 36. Kf2 Qh2+ 0-1

[Event "Barranquilla Carnaval Cup"]
[Site "Barranquilla"]
[Date "2024.02.03"]
[Round "1"]
[White "Fernandez Noriega, Adriana Sofia"]
[Black "Caballero, William"]
[Result "0-1"]
[WhiteElo "1252"]
[BlackElo "2087"]
[PlyCount "78"]
[EventDate "2024.02.03"]
[EventType "swiss"]
[EventRounds "9"]
[EventCountry "COL"]
[SourceTitle "CB07_2024"]
[SourceDate "2024.02.14"]
[SourceVersion "1"]
[SourceVersionDate "2024.02.14"]
[SourceQuality "1"]

1. e4 c5 2. Nf3 Nc6 3. Bb5 g6 4. c3 Nf6 5. d3 Bg7 6. 0-0 0-0 7. Bf4 d5 8. e5 Nh5 9. Qd2 Nxf4 10. Qxf4 Qb6 11. Bxc6 bxc6 12. b3 Qa5 13. Rc1 f6 14. Qe3 Bg4 15. Nbd2 Rad8 16. d4 Qc7 17. h3 Bf5 18. g4 Bc8 19. Kh1 f5 20. Nh2 fxg4 21. hxg4 Rf7 22. f4 Rdf8 23. Rf1 Ba6 24. Rf2 Bh6 25. Rg2 Bxf4 26. Qh3 cxd4 27. cxd4 Qa5 28. Rd1 c5 29. e6 Rf6 30. g5 Rf5 31. Ndf3 Bxh2 32. Rxh2 h5 33. Rf2 Qc3 34. Kg2 cxd4 35. Rxd4 Qe3 36. Qg3 Be2 37. Rd2 Bxf3+ 38. Kh2 d4 39. Qh4 Qe1 0-1

[Event "COL-chT"]
[Site "Medellin"]
[Date "2021.12.10"]
[Round "3.2"]
[White "Lopez Ramirez, David Santiago"]
[Black "Caballero, William"]
[Result "0-1"]
[WhiteElo "2047"]
[BlackElo "2105"]
[PlyCount "114"]
[EventDate "2021.12.09"]
[EventType "team-swiss"]
[EventRounds "6"]
[EventCountry "COL"]
[SourceTitle "CBM 205 Extra"]
[Source "ChessBase"]
[SourceDate "2022.01.31"]
[SourceVersion "1"]
[SourceVersionDate "2022.01.31"]
[SourceQuality "1"]
[WhiteTeam "Cundinamarca"]
[BlackTeam "Liga Atlantico Abs"]
[WhiteTeamCountry "COL"]
[BlackTeamCountry "COL"]

1. Nf3 Nf6 2. g3 g6 3. Bg2 Bg7 4. d4 0-0 5. c4 c5 6. 0-0 cxd4 7. Nxd4 Nc6 8. Nc3 Qb6 9. Nc2 d6 10. b3 Qa5 11. Bd2 Qh5 12. e4 Bg4 13. f3 Bh3 14. Ne2 Bxg2 15. Kxg2 g5 16. h3 e6 17. Bc3 Rad8 18. Ne3 Qg6 19. Qc2 Rfe8 20. Rad1 h5 21. Kh2 Bh6 22. Qb2 Bg7 23. h4 Qh6 24. hxg5 Qxg5 25. Qc1 Ne5 26. Nd5 Neg4+ 27. Kg1 Nxe4 28. Qxg5 Nxg5 29. Nc7 Ne3 30. Bxg7 Kxg7 31. Nxe8+ Rxe8 32. Rxd6 Nxf1 33. Kxf1 Nxf3 34. Rd7 Rb8 35. Nf4 Ne5 36. Rc7 Kf6 37. Nxh5+ Kf5 38. Nf4 a6 39. Kg2 Ke4 40. Kf2 b6 41. Ra7 a5 42. c5 bxc5 43. Rxa5 Rd8 44. Ra4+ c4 45. bxc4 Rd2+ 46. Kf1 Rc2 47. c5+ Kf3 48. Ra3+ Kg4 49. Ne2 Rxc5 50. Rc3 Ra5 51. Nc1 Ra4 52. Kf2 f5 53. Ke2 Nc4 54. Kd3 Ne5+ 55. Kc2 Nf3 56. Kb3 Re4 57. Rc4 Nd2+ 0-1

[Event "COL Subzt 2.3.4"]
[Site "Risarald"]
[Date "2021.11.26"]
[Round "7"]
[White "Vargas Viscaino, Jesus Daniel"]
[Black "Caballero, William"]
[Result "0-1"]
[WhiteElo "1856"]
[BlackElo "2112"]
[PlyCount "84"]
[EventDate "2021.11.23"]
[EventType "swiss"]
[EventRounds "9"]
[EventCountry "COL"]
[SourceTitle "CBM 205 Extra"]
[Source "ChessBase"]
[SourceDate "2022.01.31"]
[SourceVersion "1"]
[SourceVersionDate "2022.01.31"]
[SourceQuality "1"]

1. e4 c5 2. Nf3 Nc6 3. d4 cxd4 4. Nxd4 g6 5. Nc3 Bg7 6. Be3 Nf6 7. Bc4 0-0 8. Bb3 a5 9. f3 d5 10. Bxd5 Nxd5 11. exd5 Nb4 12. Nde2 Bf5 13. Rc1 b5 14. a3 Nxc2+ 15. Rxc2 Bxc2 16. Qxc2 b4 17. Na4 Qxd5 18. Nb6 Qe6 19. Kf2 Rad8 20. axb4 axb4 21. Nf4 Qa2 22. Re1 b3 23. Qc4 Qxb2+ 24. Re2 Qb1 25. Re1 Rd1 26. Rxd1 Qxd1 27. Nd3 Rd8 28. Nd5 e6 29. Qc7 Rf8 30. N5b4 b2 31. Nxb2 Bxb2 32. Qc2 Qxc2+ 33. Nxc2 Kg7 34. g4 Rc8 35. Nd4 Rc4 36. Ne2 f6 37. Kg3 Rc2 38. Nd4 Bxd4 39. Bxd4 g5 40. h4 gxh4+ 41. Kxh4 Rc4 42. Ba1 Kg6 0-1

[Event "COL Subzt 2.3.4"]
[Site "Risarald"]
[Date "2021.11.25"]
[Round "4"]
[White "Caballero, William"]
[Black "Prasca Sosa, Rafael Felipe"]
[Result "1/2-1/2"]
[WhiteElo "2112"]
[BlackElo "2364"]
[PlyCount "83"]
[EventDate "2021.11.23"]
[EventType "swiss"]
[EventRounds "9"]
[EventCountry "COL"]
[SourceTitle "CBM 205 Extra"]
[Source "ChessBase"]
[SourceDate "2022.01.31"]
[SourceVersion "1"]
[SourceVersionDate "2022.01.31"]
[SourceQuality "1"]

1. d4 d5 2. c4 e6 3. Nf3 Nf6 4. g3 Bb4+ 5. Bd2 Be7 6. Bg2 c6 7. Qc2 0-0 8. 0-0 Ne4 9. Nc3 Nxd2 10. Qxd2 f5 11. Ne5 Nd7 12. cxd5 exd5 13. f4 Nxe5 14. fxe5 Be6 15. e3 Rf7 16. Kh1 Qf8 17. Rf2 g5 18. Raf1 Qh6 19. Ne2 Raf8 20. b4 a6 21. a4 Rc8 22. Rb1 Qg6 23. Qd3 b5 24. Rff1 Qg7 25. Rfc1 Qf8 26. Qb3 Kh8 27. Bf3 Qh6 28. Rb2 Bd7 29. axb5 axb5 30. Ra2 Rcf8 31. Ra7 f4 32. exf4 gxf4 33. gxf4 Qh3 34. Rg1 Bxb4 35. Rg3 Qf1+ 36. Rg1 Qf2 37. Rxd7 Rxd7 38. Bg4 Rg7 39. Qxb4 Rfg8 40. Qd6 Qxe2 41. Qf6 Qe4+ 42. Bf3 1/2-1/2

[Event "Barranquilla Region-ch"]
[Site "Barranquilla"]
[Date "2020.01.05"]
[Round "3"]
[White "Caballero, William"]
[Black "Cifuentes, Danny"]
[Result "1-0"]
[WhiteElo "2112"]
[BlackElo "1789"]
[PlyCount "51"]
[EventDate "2020.01.04"]
[EventType "swiss"]
[EventRounds "6"]
[EventCountry "COL"]
[SourceTitle "CBM 194 Extra"]
[Source "ChessBase"]
[SourceDate "2020.03.31"]
[SourceVersion "1"]
[SourceVersionDate "2020.03.31"]
[SourceQuality "1"]

1. d4 d5 2. Nf3 Nf6 3. g3 b6 4. c4 Bb7 5. cxd5 Bxd5 6. Bg2 e6 7. Nc3 Bb7 8. 0-0 c5 9. Bf4 a6 10. Qb3 b5 11. dxc5 Bxc5 12. Rac1 Nbd7 13. Ne5 Bxg2 14. Kxg2 Qb6 15. Nxd7 Nxd7 16. Rfd1 Qb7+ 17. f3 e5 18. Bg5 h6 19. Bd2 0-0 20. Ne4 Rac8 21. Bxh6 Be7 22. Be3 Rxc1 23. Rxc1 Rc8 24. Rxc8+ Qxc8 25. Qd5 Qc7 26. Qa8+ 1-0

[Event "Barranquilla Region-ch"]
[Site "Barranquilla"]
[Date "2020.01.04"]
[Round "2"]
[White "Rebolledo Gomez, Ronald"]
[Black "Caballero, William"]
[Result "0-1"]
[WhiteElo "1649"]
[BlackElo "2112"]
[PlyCount "90"]
[EventDate "2020.01.04"]
[EventType "swiss"]
[EventRounds "6"]
[EventCountry "COL"]
[SourceTitle "CBM 194 Extra"]
[Source "ChessBase"]
[SourceDate "2020.03.31"]
[SourceVersion "1"]
[SourceVersionDate "2020.03.31"]
[SourceQuality "1"]

1. Nf3 Nf6 2. g3 g6 3. b3 Bg7 4. Bb2 0-0 5. Bg2 c5 6. c4 Nc6 7. 0-0 d6 8. Nc3 a6 9. d4 cxd4 10. Nxd4 Bd7 11. h3 Qa5 12. e3 Rab8 13. Qe2 Rfe8 14. Rfd1 Nxd4 15. exd4 b5 16. cxb5 axb5 17. d5 b4 18. Nb1 Rbc8 19. a4 Bf5 20. Nd2 Rc2 21. Bxf6 Bxf6 22. Rac1 Qc7 23. Qe1 Rc8 24. Nc4 Qc5 25. g4 Bh4 26. Rd2 Rxc1 27. Qxc1 Bd7 28. Rc2 Qd4 29. Ne3 Rc3 30. Rxc3 bxc3 31. Nd1 Bg5 32. Qc2 Bd2 33. Bf1 h5 34. Be2 hxg4 35. hxg4 Bxg4 36. Bxg4 Qxg4+ 37. Kf1 Qh3+ 38. Ke2 Qh5+ 39. Kf1 Qf3 40. b4 g5 41. b5 g4 42. Kg1 g3 43. fxg3 Qxg3+ 44. Kf1 Qf3+ 45. Kg1 Qxd5 0-1

[Event "COL-chT 21st"]
[Site "Cartagena"]
[Date "2019.11.30"]
[Round "7.3"]
[White "Becerra, Juan David"]
[Black "Caballero, William"]
[Result "1-0"]
[WhiteElo "2371"]
[BlackElo "2037"]
[PlyCount "60"]
[EventDate "2019.11.30"]
[EventType "team-swiss"]
[EventRounds "9"]
[EventCountry "COL"]
[SourceTitle "CBM 195 Extra"]
[Source "ChessBase"]
[SourceDate "2020.05.31"]
[SourceVersion "1"]
[SourceVersionDate "2020.05.31"]
[SourceQuality "1"]
[WhiteTeam "Bogota"]
[BlackTeam "Atlantico"]
[WhiteTeamCountry "COL"]
[BlackTeamCountry "COL"]

1. e4 c5 2. d4 cxd4 3. c3 Nf6 4. e5 Nd5 5. cxd4 d6 6. f4 Bf5 7. a3 Nc6 8. Nc3 Nxc3 9. bxc3 e6 10. Nf3 Be7 11. Bd3 Bxd3 12. Qxd3 0-0 13. 0-0 Rc8 14. a4 dxe5 15. fxe5 Na5 16. Bf4 Qd5 17. Nd2 b6 18. Ne4 f5 19. exf6 Bxf6 20. Nxf6+ Rxf6 21. Be5 Rg6 22. Rf3 Nc4 23. Bg3 Nd6 24. Bxd6 Qxd6 25. Raf1 Qc6 26. h4 Qxa4 27. h5 Rg5 28. Qe4 Qd7 29. h6 gxh6 30. Rf7 Qxf7 1-0

[Event "COL-chT 21st"]
[Site "Cartagena"]
[Date "2019.11.30"]
[Round "8.3"]
[White "Caballero, William"]
[Black "Garavito, Miguel Angel"]
[Result "1/2-1/2"]
[WhiteElo "2037"]
[BlackElo "2162"]
[PlyCount "83"]
[EventDate "2019.11.30"]
[EventType "team-swiss"]
[EventRounds "9"]
[EventCountry "COL"]
[SourceTitle "CBM 195 Extra"]
[Source "ChessBase"]
[SourceDate "2020.05.31"]
[SourceVersion "1"]
[SourceVersionDate "2020.05.31"]
[SourceQuality "1"]
[WhiteTeam "Atlantico"]
[BlackTeam "Tolima"]
[WhiteTeamCountry "COL"]
[BlackTeamCountry "COL"]

1. e4 c5 2. Nc3 d6 3. f4 g6 4. Nf3 Bg7 5. a4 e6 6. Bc4 Ne7 7. 0-0 0-0 8. d3 Nbc6 9. Qe1 d5 10. Bb3 Nd4 11. Nxd4 cxd4 12. Nd1 dxe4 13. Qxe4 Bd7 14. Qxb7 Bc6 15. Qb4 Nd5 16. Qe1 a5 17. Nf2 Rb8 18. Ne4 Ne3 19. Bxe3 dxe3 20. Nc3 e5 21. f5 Rb4 22. fxg6 hxg6 23. Kh1 Rg4 24. Rg1 Qg5 25. Qe2 Kh7 26. Bd5 Bxd5 27. Nxd5 e4 28. Nxe3 Rh4 29. dxe4 Rxe4 30. Rae1 Rfe8 31. Qf3 Rxe3 32. Rxe3 Rxe3 33. Qxf7 Re2 34. Qb3 Bd4 35. Qh3+ Kg8 36. Rd1 Bf6 37. Qc8+ Kh7 38. Qh3+ Qh5 39. Qd7+ Bg7 40. Qd3 Qg4 41. Qf3 Qxf3 42. gxf3 1/2-1/2

[Event "COL-chT rapid"]
[Site "Cartagena"]
[Date "2019.11.29"]
[Round "7.3"]
[White "Caballero, William"]
[Black "Basilio, Enoc"]
[Result "1-0"]
[WhiteElo "2103"]
[BlackElo "1807"]
[PlyCount "82"]
[EventDate "2019.11.29"]
[EventType "team-swiss"]
[EventRounds "7"]
[EventCountry "COL"]
[SourceTitle "CBM 193 Extra"]
[Source "ChessBase"]
[SourceDate "2020.01.31"]
[SourceVersion "1"]
[SourceVersionDate "2020.01.31"]
[SourceQuality "1"]
[WhiteTeam "Atlantico"]
[BlackTeam "Sucre"]
[WhiteTeamCountry "COL"]
[BlackTeamCountry "COL"]

1. d4 d5 2. Nc3 Nf6 3. Bg5 e6 4. e4 dxe4 5. Bxf6 Qxf6 6. Nxe4 Qd8 7. Nf3 Be7 8. Bd3 Nc6 9. c3 0-0 10. Qe2 Qd5 11. Ng3 Bd7 12. 0-0 Be8 13. Rfe1 Bf6 14. Be4 Qd8 15. Rad1 g6 16. d5 exd5 17. Bxd5 Qc8 18. Ne4 Bg7 19. Nfg5 h6 20. Nf3 Bd7 21. Nc5 Rb8 22. Qe4 Bf5 23. Qf4 Nd8 24. Nh4 c6 25. Bb3 Ne6 26. Nxe6 Bxe6 27. Rxe6 fxe6 28. Qg4 Rf6 29. Nxg6 Qe8 30. Nf4 Rd8 31. Re1 Rxf4 32. Qxf4 Qg6 33. g3 Kh8 34. Rxe6 Qg5 35. Qe4 Rf8 36. Bc2 Kg8 37. Re7 Rd8 38. Qe6+ Kh8 39. Re8+ Bf8 40. Qf7 Qc1+ 41. Kg2 Qg5 1-0

[Event "COL-chT rapid"]
[Site "Cartagena"]
[Date "2019.11.29"]
[Round "6.3"]
[White "Fonseca Pinto, Carlos Arturo"]
[Black "Caballero, William"]
[Result "1-0"]
[WhiteElo "2129"]
[BlackElo "2103"]
[PlyCount "45"]
[EventDate "2019.11.29"]
[EventType "team-swiss"]
[EventRounds "7"]
[EventCountry "COL"]
[SourceTitle "CBM 193 Extra"]
[Source "ChessBase"]
[SourceDate "2020.01.31"]
[SourceVersion "1"]
[SourceVersionDate "2020.01.31"]
[SourceQuality "1"]
[WhiteTeam "Boyaca"]
[BlackTeam "Atlantico"]
[WhiteTeamCountry "COL"]
[BlackTeamCountry "COL"]

1. e4 c5 2. Nf3 Nc6 3. d4 cxd4 4. Nxd4 g6 5. Nc3 Bg7 6. Be3 Nf6 7. Bc4 0-0 8. Bb3 d5 9. exd5 Na5 10. Qd2 Nxb3 11. Nxb3 b6 12. 0-0-0 Bb7 13. f3 Re8 14. h4 Qc7 15. Bh6 Bh8 16. h5 Rad8 17. hxg6 hxg6 18. Bf4 Qc4 19. Rxh8+ Kxh8 20. Rh1+ Kg8 21. Be5 Nh5 22. Qh6 f6 23. Qxg6+ 1-0

[Event "COL-chT rapid"]
[Site "Cartagena"]
[Date "2019.11.29"]
[Round "2.3"]
[White "Tobar Beltran, Jorge Esteban"]
[Black "Caballero, William"]
[Result "0-1"]
[WhiteElo "1797"]
[BlackElo "2103"]
[PlyCount "126"]
[EventDate "2019.11.29"]
[EventType "team-swiss"]
[EventRounds "7"]
[EventCountry "COL"]
[SourceTitle "CBM 193 Extra"]
[Source "ChessBase"]
[SourceDate "2020.01.31"]
[SourceVersion "1"]
[SourceVersionDate "2020.01.31"]
[SourceQuality "1"]
[WhiteTeam "Cauca"]
[BlackTeam "Atlantico"]
[WhiteTeamCountry "COL"]
[BlackTeamCountry "COL"]

1. d4 Nf6 2. Bg5 Ne4 3. h4 c5 4. d5 Qb6 5. Nd2 Nxd2 6. Bxd2 Qxb2 7. e4 g6 8. Ne2 Bg7 9. Rb1 Qxa2 10. Nc3 Qa5 11. Nb5 Qd8 12. d6 Na6 13. Bg5 f6 14. dxe7 Qxe7 15. Nd6+ Kd8 16. Be3 Kc7 17. Bf4 Kd8 18. Bc4 Rf8 19. 0-0 Nc7 20. Nxb7+ Bxb7 21. Rxb7 Rc8 22. Re1 f5 23. Bg5 Bf6 24. exf5 Qg7 25. Be6 Bxg5 26. hxg5 gxf5 27. Qd6 Re8 28. Qxc5 Rxe6 29. Rxe6 Nxe6 30. Qa5+ Ke8 31. Qxf5 Qxg5 32. Qxh7 Qg7 33. Qh5+ Qf7 34. Qh8+ Qf8 35. Qe5 Qc5 36. Qh8+ Nf8 37. Qg7 Qxc2 38. Qe5+ Ne6 39. f4 Qc1+ 40. Kh2 Qxf4+ 41. Qxf4 Nxf4 42. Rxa7 Rc2 43. Kg3 Nxg2 44. Kf3 Nh4+ 45. Kg4 Ng2 46. Kf3 Ke7 47. Ra4 d5 48. Rg4 Ne1+ 49. Ke3 Kd6 50. Rg6+ Kc5 51. Rg8 d4+ 52. Kf4 Kc4 53. Rc8+ Kd3 54. Re8 Ng2+ 55. Kg3 Ne3 56. Kf3 Rc7 57. Rf8 Rc5 58. Ra8 Rf5+ 59. Kg3 Kd2 60. Ra2+ Nc2 61. Kg4 Rf8 62. Ra7 d3 63. Rc7 Kc1 0-1